[Event "IX Festival Open"]
[Site "Amantea ITA"]
[Date "2011.09.10"]
[Round "7"]
[White "Mileo, Miguelito"]
[Black "Morelli, Gaetano"]
[Result "0-1"]
[WhiteElo "1833"]
[BlackElo "1852"]
[PlyCount "66"]
[EventDate "2011.09.04"]

1. d4 d5 2. Bf4 e6 3. e3 Nd7 4. Nf3 Ngf6 5. Nbd2 c5 6. c3 h6 7. Bd3 Nh5 8. Be5
c4 9. Bc2 b5 10. h3 Nxe5 11. dxe5 Bd7 12. g4 Nf6 13. exf6 Qxf6 14. Qe2 b4 15.
Nd4 bxc3 16. bxc3 Bd6 17. Nf1 Rb8 18. Ng3 O-O 19. h4 g6 20. Kd2 Rb2 21. a4 e5
22. Qf3 Qxf3 23. Nxf3 Bxg4 24. Nh2 Bd7 25. Rhg1 d4 26. Kc1 Rfb8 27. Rb1 Ba3 28.
Rxb2 Bxb2+ 29. Kd1 d3 30. Bb1 Bxc3 31. Kc1 Bxa4 32. Ne4 d2+ 33. Nxd2 Bb2# 0-1

[Event "IX Festival Open"]
[Site "Amantea ITA"]
[Date "2011.09.10"]
[Round "7"]
[White "Olivo, Paolo"]
[Black "Vizza, Pietro"]
[Result "0-1"]
[WhiteElo "1815"]
[BlackElo "1691"]
[PlyCount "76"]
[EventDate "2011.09.04"]

1. d4 d6 2. c4 e5 3. d5 Be7 4. e4 Bg5 5. Nf3 Bxc1 6. Qxc1 Nd7 7. Nc3 Ngf6 8.
Be2 O-O 9. O-O Nc5 10. Qc2 a5 11. a3 a4 12. Nd2 c6 13. b4 axb3 14. Nxb3 Nfd7
15. Nxc5 Nxc5 16. f4 Qe7 17. f5 Qc7 18. Qb2 Bd7 19. Rf3 f6 20. Rg3 Ra6 21. Bd1
Rfa8 22. a4 Be8 23. h4 h6 24. Qd2 Kh7 25. Rh3 Qb6 26. Kh2 Qc7 27. h5 Nd7 28.
Bc2 Nb6 29. Bb3 Ra5 30. g4 c5 31. Rg3 Nxa4 32. Nb5 Bxb5 33. cxb5 c4 34. b6 Qc5
35. Rc1 Nxb6 36. Kh3 Ra1 37. Rgc3 Rxc1 38. Rxc1 Ra3 0-1

[Event "IX Festival Open"]
[Site "Amantea ITA"]
[Date "2011.09.10"]
[Round "7"]
[White "Panariello, Francesco"]
[Black "D'Elia, Mario Domenico"]
[Result "1-0"]
[WhiteElo "1766"]
[BlackElo "1663"]
[PlyCount "57"]
[EventDate "2011.09.04"]

1. d4 f5 2. g3 Nf6 3. Bg2 d6 4. Nf3 g6 5. O-O Bg7 6. c3 O-O 7. Ng5 c6 8. Re1 d5
9. Nf3 Nbd7 10. Bf4 Qe8 11. Nbd2 Nh5 12. Be5 Nxe5 13. Nxe5 g5 14. Qb3 g4 15. e4
f4 16. exd5 cxd5 17. Bxd5+ e6 18. Nxg4 Kh8 19. Bxe6 fxg3 20. fxg3 Qg6 21. Bxc8
Raxc8 22. Qe6 Qc2 23. Nf3 Rce8 24. Qxe8 Rxe8 25. Rxe8+ Bf8 26. Rxf8+ Kg7 27.
Rf1 Qxb2 28. Nfe5 Nf6 29. R1xf6 1-0

[Event "IX Festival Open"]
[Site "Amantea ITA"]
[Date "2011.09.10"]
[Round "7"]
[White "Pelyushenko, Anton"]
[Black "Violi, Vincenzo"]
[Result "1/2-1/2"]
[WhiteElo "1692"]
[BlackElo "1828"]
[PlyCount "58"]
[EventDate "2011.09.04"]

1. Nf3 Nf6 2. d4 e6 3. g3 b6 4. Bg2 Bb7 5. O-O Be7 6. c4 c5 7. e3 cxd4 8. exd4
d5 9. Ne5 O-O 10. Nc3 Nbd7 11. Re1 Bb4 12. Bd2 Bxc3 13. Bxc3 Qc7 14. Nxd7 Qxd7
15. b3 dxc4 16. Bxb7 Qxb7 17. bxc4 Ne4 18. Bb4 Rfd8 19. Qd3 Ng5 20. Kf1 h6 21.
h4 Qh1+ 22. Ke2 Qe4+ 23. Qxe4 Nxe4 24. Ke3 Nf6 25. Be7 Rd7 26. Bxf6 gxf6 27.
Rad1 Rc8 28. Rc1 Rdc7 29. Kd3 f5 1/2-1/2

[Event "IX Festival Open"]
[Site "Amantea ITA"]
[Date "2011.09.10"]
[Round "7"]
[White "Pelyushenko, Vladyslav"]
[Black "Barca, Lorenzo"]
[Result "1/2-1/2"]
[WhiteElo "1812"]
[BlackElo "1608"]
[PlyCount "65"]
[EventDate "2011.09.04"]

1. d4 d5 2. Nf3 Nf6 3. c4 c6 4. Nc3 e6 5. Bg5 Nbd7 6. e3 Qa5 7. Qc2 Bb4 8. Nd2
O-O 9. Rc1 c5 10. a3 Bxc3 11. Qxc3 Qxc3 12. bxc3 cxd4 13. cxd4 h6 14. Bf4 Re8
15. Nf3 Ne4 16. c5 Ndf6 17. Ne5 a6 18. f3 g5 19. Bg3 Nxg3 20. hxg3 Kg7 21. Bd3
Nd7 22. f4 Nxe5 23. fxe5 Bd7 24. Kd2 Bc6 25. Rcf1 Rh8 26. g4 Raf8 27. Rf6 Ra8
28. Rhf1 Rhf8 29. Rh1 Rh8 30. Kc3 Rab8 31. Rhf1 Rhf8 32. Rh1 Rh8 33. Rhf1
1/2-1/2

[Event "IX Festival Open"]
[Site "Amantea ITA"]
[Date "2011.09.10"]
[Round "7"]
[White "Preiti, Salvatore"]
[Black "Rametta, Marcello"]
[Result "0-1"]
[WhiteElo "1661"]
[BlackElo "1748"]
[PlyCount "80"]
[EventDate "2011.09.04"]

1. e4 c5 2. Nf3 Nc6 3. d4 cxd4 4. Nxd4 Nxd4 5. Qxd4 a6 6. Bc4 e6 7. O-O b5 8.
Bb3 Bb7 9. Nc3 Rc8 10. Be3 Ne7 11. Bg5 h6 12. Bh4 f6 13. Qd1 Rc5 14. Qg4 h5 15.
Qe2 Ng6 16. Bg3 h4 17. Bxh4 Rxh4 18. Rad1 Qc7 19. h3 Rg5 20. Nd5 exd5 21. exd5+
Re5 22. Qd3 Nf4 23. Qf3 Bd6 24. Kh1 Kf8 25. Rd4 Rg5 26. Re4 Nxg2 27. Rg1 Rxe4
28. Qxe4 Nf4 29. Rxg5 fxg5 30. Qf5+ Kg8 31. c4 bxc4 32. Bc2 Bxd5+ 33. Kg1 Be5
34. Kf1 Bg2+ 35. Ke1 Nd3+ 36. Ke2 Nf4+ 37. Kd1 Bxb2 38. Be4 Qd6+ 39. Kc2 Bxe4+
40. Qxe4 Qd3+ 0-1

[Event "IX Festival Open"]
[Site "Amantea ITA"]
[Date "2011.09.10"]
[Round "7"]
[White "Rizzuti, Pasquale"]
[Black "Trifoglio, Giovanni"]
[Result "0-1"]
[WhiteElo "1856"]
[BlackElo "1879"]
[PlyCount "142"]
[EventDate "2011.09.04"]

1. e4 c5 2. Nf3 e6 3. d4 cxd4 4. Nxd4 a6 5. Be2 Nc6 6. Be3 Nge7 7. Nc3 Nxd4 8.
Qxd4 b5 9. O-O Nc6 10. Qd2 Bb7 11. Rad1 d6 12. Bf4 Ne5 13. a3 Be7 14. f3 Qc7
15. Kh1 O-O 16. Be3 Nc4 17. Bxc4 Qxc4 18. Qf2 Kh8 19. Rd4 Qc7 20. Rfd1 Rac8 21.
R4d3 Bc6 22. g4 a5 23. Bb6 Qb7 24. Bxa5 f5 25. Qb6 fxg4 26. Qxb7 Bxb7 27. Nxb5
gxf3 28. Nc3 f2 29. Kg2 Ba6 30. Bb6 f1=Q+ 31. Rxf1 Rxf1 32. Kxf1 Rb8 33. Bd4
Bxd3+ 34. cxd3 Rxb2 35. a4 Bf6 36. Bxf6 gxf6 37. Ke1 Kg7 38. Kd1 Kf7 39. Kc1
Rxh2 40. a5 Rh5 41. a6 Ra5 42. a7 Rxa7 43. Kd2 Kg6 44. Ke3 h5 45. Ne2 Rh7 46.
Kf2 h4 47. Kg2 Ra7 48. Kh3 Kg5 49. Nd4 Re7 50. Nf3+ Kf4 51. Kg2 Rg7+ 52. Kf2 h3
53. Nd4 Rg2+ 54. Kf1 Kg3 55. Ne2+ Rxe2 56. Kxe2 Kg2 57. e5 fxe5 58. d4 h2 59.
dxe5 h1=Q 60. exd6 Qh2 61. d7 Qd6 62. Ke3 Qxd7 63. Ke4 Qd5+ 64. Ke3 Qc4 65. Kd2
Qb3 66. Ke2 e5 67. Kd2 Kf2 68. Kc1 Qa2 69. Kd1 Qe2+ 70. Kc1 Ke3 71. Kb1 Kd3 0-1

[Event "IX Festival Open"]
[Site "Amantea ITA"]
[Date "2011.09.10"]
[Round "7"]
[White "Russo, Arianna"]
[Black "Mazzuca, Aldo"]
[Result "1-0"]
[WhiteElo "1696"]
[BlackElo "1458"]
[PlyCount "51"]
[EventDate "2011.09.04"]

1. d4 d5 2. c4 Nf6 3. Nc3 e6 4. cxd5 Nxd5 5. e4 Nxc3 6. bxc3 Be7 7. Bd3 b6 8.
Nf3 Bb7 9. Ne5 O-O 10. O-O Nd7 11. Nxd7 Qxd7 12. Qg4 f5 13. exf5 exf5 14. Qh3
Kh8 15. Re1 Rf7 16. Re5 g6 17. Bc4 Rff8 18. Bh6 Rfd8 19. Rae1 Bd6 20. Qe3 Be4
21. Re6 Re8 22. d5 Rxe6 23. dxe6 Qe7 24. Bg5 Qg7 25. Qd4 h6 26. Bf6 1-0

[Event "IX Festival Open"]
[Site "Amantea ITA"]
[Date "2011.09.10"]
[Round "7"]
[White "Sorbelli, Massimo"]
[Black "Donati, Michele"]
[Result "1/2-1/2"]
[WhiteElo "1896"]
[BlackElo "1703"]
[PlyCount "118"]
[EventDate "2011.09.04"]

1. d4 d5 2. c4 c6 3. Nf3 Nf6 4. Nc3 e6 5. e3 Nbd7 6. b3 Bb4 7. Bd2 O-O 8. Bd3
Qe7 9. O-O e5 10. dxe5 Nxe5 11. Nxe5 Qxe5 12. Qe1 Ng4 13. f4 Qh5 14. Qg3 dxc4
15. Bxc4 Nxe3 16. Bxe3 Bxc3 17. Rad1 b5 18. Bd3 Bf5 19. Bxf5 Qxf5 20. Bxa7 Rxa7
21. Qxc3 Rxa2 22. Qxc6 Qg4 23. Rd3 Rc8 24. Re1 h5 25. Re8+ Rxe8 26. Qxe8+ Kh7
27. Qe4+ g6 28. h3 Qh4 29. Kh2 Rf2 30. Rf3 Rxf3 31. Qxf3 Qf6 32. g4 hxg4 33.
hxg4 b4 34. Kg3 Qc3 35. Kf2 Qd2+ 36. Kg3 Qc3 37. g5 Kg7 38. Kg4 Qc8+ 39. f5 f6
40. Qe4 gxf5+ 41. Qxf5 Qxf5+ 42. Kxf5 fxg5 43. Kxg5 Kf7 44. Kf5 Ke7 45. Ke5 Kd7
46. Kd5 Kc7 47. Kc5 Kb7 48. Kb5 Kc7 49. Kxb4 Kb6 50. Kc4 Kc6 51. b4 Kb6 52. b5
Kb7 53. Kc5 Kc7 54. b6+ Kb7 55. Kb5 Kb8 56. Ka6 Ka8 57. Kb5 Kb7 58. Kc5 Kb8 59.
Kc6 Kc8 1/2-1/2

[Event "IX Festival Open"]
[Site "Amantea ITA"]
[Date "2011.09.10"]
[Round "7"]
[White "Stoja, Rocco"]
[Black "Ielapi, Vito"]
[Result "0-1"]
[WhiteElo "1772"]
[BlackElo "1848"]
[PlyCount "136"]
[EventDate "2011.09.04"]

1. Nf3 Nf6 2. g3 d5 3. d4 Bg4 4. Ne5 Bf5 5. c4 dxc4 6. Qa4+ c6 7. Qxc4 e6 8.
Bg2 Nbd7 9. Nc3 Nxe5 10. dxe5 Nd7 11. f4 Qb6 12. Bd2 Qxb2 13. Rc1 Qb4 14. Qxb4
Bxb4 15. O-O O-O 16. h3 h6 17. e4 Bh7 18. Rb1 Bc5+ 19. Kh2 Rab8 20. Rfd1 Rfd8
21. Na4 Be7 22. Bc3 b5 23. g4 bxa4 24. Rxd7 Rxb1 25. Rxe7 Rc1 26. Ba5 Rc8 27.
f5 Rc2 28. a3 a6 29. Kg1 c5 30. Kf1 c4 31. Bf3 Rb2 32. Bd1 Rb5 33. Bc3 h5 34.
Bc2 exf5 35. exf5 Rbc5 36. Bxa4 R5c7 37. Rxc7 Rxc7 38. Ke2 hxg4 39. hxg4 g6 40.
Bc2 Kf8 41. f6 Kg8 42. g5 Rd7 43. Ke3 Kf8 44. Bd4 Rb7 45. Ke4 Ke8 46. Kd5 Kd7
47. Kxc4 Ke6 48. a4 Bg8 49. Be4 Rb8 50. Kc5 Rc8+ 51. Kb4 a5+ 52. Kb5 Rc1 53.
Bb6 Re1 54. Bd3 Rxe5+ 55. Ka6 Rxg5 56. Bxa5 Rg4 57. Kb5 Kxf6 58. Bb6 Ke7 59. a5
f5 60. Kc6 Bc4 61. Bc2 Ba6 62. Kd5 Kf7 63. Ke5 Rg2 64. Bb3+ Kg7 65. Kf4 Rg4+
66. Kf3 g5 67. Bc2 Kg6 68. Bd8 Rc4 0-1

[Event "IX Festival Open"]
[Site "Amantea ITA"]
[Date "2011.09.10"]
[Round "7"]
[White "Suriano, Davide"]
[Black "La Franca, Vincenzo"]
[Result "1-0"]
[WhiteElo "1476"]
[BlackElo "1640"]
[PlyCount "166"]
[EventDate "2011.09.04"]

1. c4 Nf6 2. Nc3 e5 3. Nf3 Nc6 4. d4 exd4 5. Nxd4 Nxd4 6. Qxd4 c6 7. e4 d6 8.
Be2 Be7 9. O-O O-O 10. Bf4 Bg4 11. f3 Be6 12. Rad1 Ne8 13. Rd2 Qb6 14. Qxb6
axb6 15. Rfd1 Kh8 16. Be3 Bd8 17. e5 Bc7 18. exd6 Nxd6 19. b3 Nf5 20. Bf2 Bf4
21. Rd3 Bc7 22. Na4 c5 23. Nc3 Rfd8 24. Nb5 Rxd3 25. Rxd3 Be5 26. g4 Ne7 27. a3
h6 28. Kg2 Ng6 29. Bg3 Nf4+ 30. Bxf4 Bxf4 31. Rd1 g5 32. h3 Kg7 33. Kf2 Re8 34.
Nd6 Re7 35. Ne4 f5 36. Nc3 fxg4 37. fxg4 Be5 38. Nb5 Rf7+ 39. Kg2 Bd7 40. Bf3
Bxb5 41. cxb5 Bd4 42. Re1 Kf6 43. Bd5 Re7 44. Rxe7 Kxe7 45. Kf3 Kd6 46. Ke4 Bb2
47. a4 c4 48. Bxc4 Kc5 49. Kf5 Kd4 50. Kg6 Ke4 51. Kxh6 Bc1 52. Kg6 Kf3 53.
Bd5+ Kg3 54. Bxb7 Kxh3 55. Kf5 Kh4 56. b4 Bd2 57. a5 bxa5 58. bxa5 Bxa5 59. Bc8
Bb6 60. Ke5 Kg3 61. Kd5 Kf4 62. Kc6 Bd4 63. b6 Be5 64. b7 Bb8 65. Bf5 Ke5 66.
Kd7 Kd5 67. Kc8 Bd6 68. b8=Q Bxb8 69. Kxb8 Kd6 70. Kc8 Ke7 71. Kc7 Kf7 72. Kd6
Kf6 73. Bd3 Kf7 74. Ke5 Kg7 75. Kf5 Kh6 76. Bc4 Kh7 77. Kxg5 Kg7 78. Bd3 Kg8
79. Kg6 Kh8 80. Kh6 Kg8 81. g5 Kh8 82. g6 Kg8 83. g7 Kf7 1-0

[Event "IX Festival Open"]
[Site "Amantea ITA"]
[Date "2011.09.10"]
[Round "7"]
[White "Valotta, Massimiliano"]
[Black "Tricomi, Massimo"]
[Result "1/2-1/2"]
[WhiteElo "1855"]
[BlackElo "1889"]
[PlyCount "155"]
[EventDate "2011.09.04"]

1. d4 b6 2. e4 Bb7 3. f3 e6 4. Nc3 Nf6 5. Bd3 c5 6. Be3 cxd4 7. Bxd4 Nc6 8. Bf2
Bb4 9. Nge2 d5 10. O-O O-O 11. exd5 Nxd5 12. Nxd5 Qxd5 13. Be4 Qxd1 14. Raxd1
Rfd8 15. c3 Be7 16. Nd4 Nxd4 17. Bxb7 Rab8 18. Ba6 Nc6 19. Bg3 Rxd1 20. Rxd1
Rd8 21. Rxd8+ Bxd8 22. Bb5 Ne7 23. Kf2 Kf8 24. Bd6 f6 25. Bd3 Kf7 26. h4 f5 27.
g4 g6 28. Kg3 Nd5 29. c4 Bc7 30. Bxc7 Nxc7 31. Kf4 Na6 32. g5 Nb4 33. Bb1 Nc6
34. a3 Ke7 35. Bc2 Kd6 36. Ba4 e5+ 37. Ke3 Nd4 38. b4 Ne6 39. Bd1 Nf4 40. Kf2
a5 41. Bc2 axb4 42. axb4 Ne6 43. Bb3 Nf4 44. Bc2 Ne6 45. Bb3 Nf4 46. c5+ bxc5
47. bxc5+ Kxc5 48. Bg8 Kd6 49. Bxh7 Ke7 50. Bg8 Kf8 51. Bc4 Ke7 52. Bg8 Kd6 53.
Kg3 Nh5+ 54. Kf2 Nf4 55. Bc4 Ke7 56. Bb3 Nd3+ 57. Kg3 Nf4 58. Bc2 Ne2+ 59. Kf2
Nf4 60. Bb1 Ke6 61. Ba2+ Ke7 62. Kg3 Ne2+ 63. Kh3 Nf4+ 64. Kg3 Ne2+ 65. Kf2 Nf4
66. Kf1 Kd6 67. Bb1 Kc5 68. Kf2 Kd4 69. Ba2 e4 70. fxe4 fxe4 71. Bb1 e3+ 72.
Kf3 e2 73. Kf2 Kc3 74. Ke1 Kd4 75. Kd2 Ke5 76. Bc2 Kd4 77. Bxg6 Nxg6 78. Kxe2
1/2-1/2

[Event "IX Festival Open"]
[Site "Amantea ITA"]
[Date "2011.09.11"]
[Round "8"]
[White "Attina', Rodolfo"]
[Black "Nazzareno, Mario"]
[Result "1-0"]
[WhiteElo "1401"]
[BlackElo "1413"]
[PlyCount "53"]
[EventDate "2011.09.04"]

1. d4 f5 2. Bf4 Nf6 3. g3 e6 4. Bg2 Bb4+ 5. c3 Ba5 6. Nd2 d6 7. Nc4 Nc6 8. Nxa5
Nxa5 9. Qa4+ Qd7 10. Qxa5 d5 11. Bxc7 b6 12. Bxb6 O-O 13. Bc5 Re8 14. Nf3 Rb8
15. Ne5 Qb7 16. b3 Nd7 17. Bd6 Ra8 18. O-O a6 19. c4 Ra7 20. cxd5 Nxe5 21. Bxe5
Qe7 22. d6 Qf7 23. Rfc1 Bb7 24. Rc7 Qh5 25. Bxb7 Rb8 26. Bf3 Qh3 27. Rxa7 1-0

[Event "IX Festival Open"]
[Site "Amantea ITA"]
[Date "2011.09.11"]
[Round "8"]
[White "Barca, Lorenzo"]
[Black "Olivo, Paolo"]
[Result "1-0"]
[WhiteElo "1608"]
[BlackElo "1815"]
[PlyCount "83"]
[EventDate "2011.09.04"]

1. e4 c5 2. Nf3 Nc6 3. d4 cxd4 4. Nxd4 Nf6 5. Nc3 e6 6. a3 a6 7. Nb3 b5 8. Bd3
Bb7 9. O-O Be7 10. f4 d6 11. Qe1 Qc7 12. Qg3 O-O 13. Be3 Rfd8 14. f5 Ne5 15.
Rac1 d5 16. exd5 exd5 17. Be2 Bxa3 18. Bh6 Bf8 19. Nd4 Qd6 20. Bf4 Re8 21. Kh1
b4 22. Na4 Ne4 23. Qe3 Qf6 24. c3 bxc3 25. bxc3 Nc4 26. Bxc4 dxc4 27. Rb1 Nc5
28. Qg3 Nxa4 29. Rxb7 Bc5 30. Bg5 Bxd4 31. Bxf6 Bxf6 32. Qc7 Rec8 33. Qxf7+ Kh8
34. g4 Nc5 35. Ra7 Ne4 36. Rxa8 Rxa8 37. Qxc4 Nd2 38. Qc6 Rb8 39. Qc7 Rd8 40.
Rc1 Ne4 41. Qc6 Nf2+ 42. Kg2 1-0

[Event "IX Festival Open"]
[Site "Amantea ITA"]
[Date "2011.09.11"]
[Round "8"]
[White "Caporale, Giuseppe Guido"]
[Black "Carbone, Edoardo"]
[Result "1-0"]
[WhiteElo "1752"]
[BlackElo "1838"]
[PlyCount "125"]
[EventDate "2011.09.04"]

1. d4 Nf6 2. Nf3 e6 3. c4 d5 4. Nc3 Be7 5. e3 O-O 6. Bd3 c6 7. O-O b6 8. Re1
Bb7 9. e4 dxc4 10. Bxc4 Nbd7 11. Bd3 Re8 12. e5 Nd5 13. Qe2 Nf8 14. Be4 Rc8 15.
Nxd5 cxd5 16. Bd3 Ng6 17. Bd2 Nf8 18. h3 Ng6 19. g3 Qc7 20. h4 Nf8 21. g4 Qb8
22. a3 Rc7 23. g5 Rec8 24. h5 Qa8 25. Bb4 a5 26. Bxe7 Rxe7 27. Nh4 Rec7 28.
Rad1 Bc6 29. Rd2 Be8 30. Qg4 Rc1 31. Rxc1 Rxc1+ 32. Kg2 Qb7 33. h6 g6 34. Qf4
Qe7 35. Nf3 Ba4 36. Nh2 Rc8 37. Ng4 Nd7 38. Kg3 Rc1 39. Kh2 Rc8 40. Nf6+ Nxf6
41. exf6 Qc7 42. Kg3 Qxf4+ 43. Kxf4 Kf8 44. Ke5 Ke8 45. Be2 Kd7 46. Kf4 Kd6 47.
Ba6 Rc7 48. Bf1 Rc1 49. Bd3 Rc7 50. Be2 Rc1 51. Bf3 Rc7 52. Ke3 Rc1 53. Bg2 Rc7
54. f4 Rc1 55. Bf3 Rc7 56. Be2 Rc1 57. Bf3 Rc7 58. Rd3 Rc8 59. Rc3 Rxc3+ 60.
bxc3 Bb3 61. Be2 Kc6 62. Bd3 a4 63. Bxg6 1-0

[Event "IX Festival Open"]
[Site "Amantea ITA"]
[Date "2011.09.11"]
[Round "8"]
[White "Catapano, Francesco"]
[Black "Anselmi, Beatrice"]
[Result "1-0"]
[WhiteElo "1787"]
[BlackElo "1734"]
[PlyCount "79"]
[EventDate "2011.09.04"]

1. Nf3 d5 2. g3 g6 3. Bg2 Bg7 4. O-O e5 5. d3 Nc6 6. Nbd2 Nge7 7. e4 O-O 8. Qe2
a5 9. a4 b6 10. exd5 Nxd5 11. Nc4 Re8 12. Bg5 f6 13. Bd2 Bb7 14. c3 Rb8 15.
Rfe1 Qd7 16. Ne3 Nxe3 17. Bxe3 Ba6 18. Red1 Rbd8 19. Ne1 e4 20. Qc2 Bxd3 21.
Nxd3 exd3 22. Bxc6 Qxc6 23. Rxd3 f5 24. Rad1 Bf6 25. Qb3+ Kh8 26. Qf7 Rxd3 27.
Rxd3 Qe6 28. Qxc7 Qe4 29. Rd1 Qc2 30. Rd7 Qb1+ 31. Kg2 Qe4+ 32. f3 Qe6 33.
Rxh7+ Kg8 34. Bf2 Be5 35. Qd7 Qf6 36. Qxe8+ Kxh7 37. Qd7+ Kg8 38. Qb7 Qd8 39.
Qxb6 Qd2 40. Qe6+ 1-0

[Event "IX Festival Open"]
[Site "Amantea ITA"]
[Date "2011.09.11"]
[Round "8"]
[White "Coico, Pompeo"]
[Black "Suriano, Davide"]
[Result "1-0"]
[WhiteElo "1698"]
[BlackElo "1476"]
[PlyCount "87"]
[EventDate "2011.09.04"]

1. d4 d5 2. Nf3 e6 3. g3 Nf6 4. Bg2 Be7 5. O-O O-O 6. c4 c6 7. Nc3 Nbd7 8. Bg5
b6 9. Re1 Bb7 10. Qc2 Re8 11. Nd2 c5 12. dxc5 bxc5 13. b3 Rb8 14. Rad1 d4 15.
Nce4 Nxe4 16. Bxe7 Qxe7 17. Nxe4 Nf6 18. Nxf6+ Qxf6 19. Bxb7 Rxb7 20. Qe4 Qe7
21. e3 dxe3 22. Rxe3 Rd7 23. Red3 Rb7 24. Rd8 Rxd8 25. Rxd8+ Qxd8 26. Qxb7 h6
27. Qxa7 Qd1+ 28. Kg2 Qe2 29. Qa8+ Kh7 30. h4 e5 31. Qa5 Qe4+ 32. Kh2 Qd4 33.
Kg1 e4 34. Qe1 f5 35. Qe2 g6 36. Kg2 Kg7 37. Qe3 Qxe3 38. fxe3 Kf7 39. a3 Ke7
40. b4 cxb4 41. axb4 Kd6 42. c5+ Kc6 43. Kf2 Kb5 44. g4 1-0

[Event "IX Festival Open"]
[Site "Amantea ITA"]
[Date "2011.09.11"]
[Round "8"]
[White "D'Elia, Mario Domenico"]
[Black "Mercuri, Delia"]
[Result "0-1"]
[WhiteElo "1663"]
[BlackElo "1523"]
[PlyCount "64"]
[EventDate "2011.09.04"]

1. d4 d5 2. Nf3 e6 3. e3 c5 4. b3 Nf6 5. Bd3 Nc6 6. c3 a6 7. Bb2 b5 8. dxc5
Bxc5 9. b4 Bb6 10. O-O O-O 11. Qc2 h6 12. Rd1 Qc7 13. Nbd2 Bb7 14. a3 Rac8 15.
Nb3 Ne5 16. Nxe5 Qxe5 17. Be2 Bc7 18. g3 Ne4 19. Qd3 Qf6 20. Rf1 Be5 21. Nd4
Rc7 22. Rac1 Qg6 23. Bf3 f5 24. Bg2 h5 25. f4 Bd6 26. Nf3 Be7 27. Ne5 Qh7 28.
h4 Nxg3 29. Rf3 Bxh4 30. Kh2 Ne4 31. Rcf1 Rfc8 32. Qd2 Nxd2 0-1

[Event "IX Festival Open"]
[Site "Amantea ITA"]
[Date "2011.09.11"]
[Round "8"]
[White "Denozza, Mauro"]
[Black "Pelyushenko, Olga"]
[Result "1/2-1/2"]
[WhiteElo "1664"]
[BlackElo "1506"]
[PlyCount "27"]
[EventDate "2011.09.04"]

1. d4 Nf6 2. Nf3 g6 3. Nbd2 d6 4. e4 Bg7 5. Bd3 O-O 6. O-O Nbd7 7. c3 a6 8. Re1
c5 9. b4 b5 10. Bb2 Bb7 11. bxc5 dxc5 12. e5 Nd5 13. Be4 e6 14. c4 1/2-1/2

[Event "IX Festival Open"]
[Site "Amantea ITA"]
[Date "2011.09.11"]
[Round "8"]
[White "Greco, Simone"]
[Black "Pelyushenko, Vladyslav"]
[Result "0-1"]
[WhiteElo "1570"]
[BlackElo "1812"]
[PlyCount "112"]
[EventDate "2011.09.04"]

1. e4 d6 2. d4 Nf6 3. Nc3 g6 4. Nf3 Bg7 5. Be2 c6 6. a4 Qa5 7. Bd3 Nbd7 8. Bd2
Qc7 9. O-O O-O 10. h3 e5 11. dxe5 dxe5 12. Be3 Re8 13. Nd2 Nh5 14. Bc4 Nf8 15.
Qf3 Be6 16. Bb3 Bxb3 17. Nxb3 Ne6 18. Rad1 b6 19. g3 Rad8 20. Rd2 Rxd2 21. Bxd2
Nd4 22. Nxd4 exd4 23. Ne2 c5 24. Nf4 Nf6 25. Re1 Qc6 26. Nd5 Nxd5 27. exd5
Rxe1+ 28. Bxe1 Qxa4 29. Qe4 Qd7 30. Bd2 f5 31. Qf4 h6 32. Qb8+ Kh7 33. Bf4 g5
34. Bc7 Qxd5 35. Qxa7 b5 36. Bb6 c4 37. Bc5 d3 38. cxd3 cxd3 39. Bf8 Qd4 40.
Qxd4 Bxd4 41. Bb4 Bxb2 42. Kf1 Bc1 43. Ke1 d2+ 44. Bxd2 Bxd2+ 45. Kxd2 Kg7 46.
Kd3 Kf6 47. Kd4 b4 48. f4 gxf4 49. gxf4 b3 50. Kc3 Ke6 51. Kxb3 Kd5 52. Kc2 Ke4
53. Kd2 Kxf4 54. Ke2 Kg3 55. h4 f4 56. h5 Kg2 0-1

[Event "IX Festival Open"]
[Site "Amantea ITA"]
[Date "2011.09.11"]
[Round "8"]
[White "Ielapi, Vito"]
[Black "Trifoglio, Giovanni"]
[Result "1-0"]
[WhiteElo "1848"]
[BlackElo "1879"]
[PlyCount "131"]
[EventDate "2011.09.04"]

1. e4 c5 2. Nf3 e6 3. d4 cxd4 4. Nxd4 a6 5. c4 Qc7 6. Be2 Nf6 7. Nc3 Be7 8. O-O
d6 9. Kh1 Nbd7 10. f4 O-O 11. Qe1 Nc5 12. Bf3 Nd3 13. Qe2 Nxc1 14. Raxc1 Nd7
15. Bg4 Nf6 16. Bh3 Qc5 17. Nf3 Nd7 18. e5 dxe5 19. fxe5 b6 20. Ne4 Qc7 21. Nf2
Bb7 22. Nd3 Nc5 23. Nxc5 Qxc5 24. b3 Rad8 25. g3 Rd7 26. Bg2 Rfd8 27. Rf2 Rd1+
28. Rf1 Bxf3 29. Qxf3 Rxc1 30. Qxf7+ Kh8 31. Rxc1 Qa3 32. Rf1 Rf8 33. Qxe6
Rxf1+ 34. Bxf1 g6 35. Qxb6 Qc1 36. Qf2 Bc5 37. Qe2 Kg8 38. Kg2 Kf8 39. Qf3+ Kg7
40. Qf6+ Kg8 41. Qd8+ Bf8 42. Qd4 Kg7 43. Qd3 Qb2+ 44. Qe2 Qd4 45. Kh3 Be7 46.
Bg2 h5 47. Qe4 Qd1 48. g4 Kh6 49. e6 Bd6 50. gxh5 Qxh5+ 51. Qh4 Be7 52. Qxh5+
Kxh5 53. Kg3 Kg5 54. Bd5 a5 55. Kf3 Kf5 56. Ke3 Ke5 57. Kd3 g5 58. h3 Bc5 59.
Kc2 Ba3 60. b4 Bxb4 61. Kb3 Kd6 62. Ka4 Bc3 63. Kb5 Bb4 64. Kb6 a4 65. Kb5 Bc5
66. e7 1-0

[Event "IX Festival Open"]
[Site "Amantea ITA"]
[Date "2011.09.11"]
[Round "8"]
[White "La Franca, Vincenzo"]
[Black "Andreani, Carlo"]
[Result "1-0"]
[WhiteElo "1640"]
[BlackElo "1386"]
[PlyCount "71"]
[EventDate "2011.09.04"]

1. Nf3 Nc6 2. d4 d5 3. e3 Bg4 4. Nbd2 e6 5. a3 a6 6. Be2 Bd6 7. b3 Nf6 8. Bb2
Qe7 9. O-O O-O-O 10. Ne5 Bxe2 11. Qxe2 Qe8 12. f4 h5 13. Ndf3 Ne4 14. Ng5 Nxg5
15. Nxc6 Nh3+ 16. gxh3 Qxc6 17. Rac1 Qe8 18. c4 f5 19. Qg2 Rg8 20. Kf2 c6 21.
cxd5 exd5 22. Qxd5 Bxf4 23. Qxf5+ Qd7 24. Qxd7+ Rxd7 25. exf4 Rf7 26. Kg3 h4+
27. Kg4 Re7 28. Rce1 Rc7 29. Re4 Kd8 30. Rfe1 c5 31. dxc5 Rxc5 32. Rd1+ Kc8 33.
Rc1 Rxc1 34. Bxc1 Rh8 35. Bb2 Rh7 36. Re7 1-0

[Event "IX Festival Open"]
[Site "Amantea ITA"]
[Date "2011.09.11"]
[Round "8"]
[White "Levato, Biagio"]
[Black "Mazzuca, Aldo"]
[Result "0-1"]
[WhiteElo "1545"]
[BlackElo "1458"]
[PlyCount "78"]
[EventDate "2011.09.04"]

1. e4 e5 2. Nf3 Nc6 3. g3 b6 4. Bg2 Bb7 5. d3 f6 6. Nbd2 Qe7 7. O-O O-O-O 8. c3
g5 9. Nb3 h5 10. d4 exd4 11. Nfxd4 Nxd4 12. cxd4 g4 13. Re1 Qh7 14. Bf4 d6 15.
d5 Bh6 16. Qd2 Bxf4 17. Qxf4 Rf8 18. Nd4 Kb8 19. Rac1 Ne7 20. Nb5 Ng6 21. Qe3
Rf7 22. Rc3 Re7 23. Qd4 Ne5 24. Rec1 Rc8 25. Nxd6 cxd6 26. Rxc8+ Bxc8 27. Qc3
Rc7 28. Qe3 Rxc1+ 29. Qxc1 f5 30. Qf4 fxe4 31. Bxe4 Qg7 32. b3 a5 33. Kg2 Ka7
34. Qe3 Qf6 35. Qc3 Qe7 36. Qc1 Qg7 37. Qxc8 Qb7 38. Qf5 Qf7 39. Qxh5 Qxh5 0-1

[Event "IX Festival Open"]
[Site "Amantea ITA"]
[Date "2011.09.11"]
[Round "8"]
[White "Luongo, Antonio"]
[Black "Gemelli, Antonio"]
[Result "1-0"]
[WhiteElo "1776"]
[BlackElo "1458"]
[PlyCount "93"]
[EventDate "2011.09.04"]

1. d4 d5 2. Nf3 Nf6 3. c4 e6 4. Nc3 c6 5. Bg5 Nbd7 6. e3 Be7 7. cxd5 exd5 8.
Be2 b6 9. O-O Bb7 10. Rc1 O-O 11. a3 c5 12. Bb5 a6 13. Be2 c4 14. Re1 h6 15.
Bh4 b5 16. Qc2 Re8 17. Bg3 Nb6 18. h3 Bd6 19. Bxd6 Qxd6 20. Ne5 Rad8 21. h4
Nbd7 22. f4 Nb6 23. g4 Nfd7 24. g5 Nxe5 25. fxe5 Qd7 26. Bf3 hxg5 27. hxg5 Qh3
28. Qg2 Qxg2+ 29. Kxg2 g6 30. Bg4 Kg7 31. Rh1 Rh8 32. Rcf1 Rxh1 33. Rxh1 Rh8
34. Rxh8 Kxh8 35. e6 fxe6 36. Bxe6 Kg7 37. Kg3 Kf8 38. Kf4 Ke7 39. Ke5 Bc6 40.
Bxd5 Bxd5 41. Nxd5+ Nxd5 42. Kxd5 a5 43. Kc5 b4 44. axb4 c3 45. bxc3 a4 46. b5
Kd7 47. Kb4 1-0

[Event "IX Festival Open"]
[Site "Amantea ITA"]
[Date "2011.09.11"]
[Round "8"]
[White "Martino, Giovanni"]
[Black "Di Salvio, Giuseppe"]
[Result "0-1"]
[WhiteElo "1542"]
[BlackElo "1785"]
[PlyCount "60"]
[EventDate "2011.09.04"]

1. e4 c5 2. Nc3 d6 3. g3 Nf6 4. Bg2 Nc6 5. d3 e5 6. h3 Be7 7. Nge2 Bd7 8. Be3
a6 9. O-O Nd4 10. f4 Qc8 11. g4 h6 12. Qd2 b5 13. Ng3 b4 14. Nce2 Nxe2+ 15.
Nxe2 O-O 16. f5 Re8 17. Ng3 Bf8 18. g5 hxg5 19. Bxg5 Nh7 20. f6 Nxg5 21. Qxg5
g6 22. h4 Kh7 23. h5 Bh6 24. hxg6+ fxg6 25. Qh4 Rh8 26. Kf2 Kg8 27. Ke2 Bf4 28.
Nh5 Rxh5 29. Qf2 Bg4+ 30. Bf3 Rh2 0-1